00666 a2200169 4500008004100000020001900041040005500060041000800115100002200123245014300145260004400288300003500332504005300367650002300420650002200443650003100465130821s2008 xxua gr eng  a9781598692143  aCO-BoUCMbspacAdriana LeóndAldemar Mondragón00aeng1 aMariotti, John L.14aThe complexity crisis why too many products, markets, and customers are crippling your company, and what to do about itcJohn L. Mariotti aAvonbPlatinum Press: Adams Mediac2008 axix, 236 páginasbgráficos aIncluye referencias bibliográficas e índices 7aControl de calidad 7aControl de costos 7aEfectividad organizacional